000 00676nam a2200229Ia 4500
003 OSt
005 20220926034836.0
006 a|||||r|||| 00| 0
007 ta
008 220923b |||||||| |||| 00| 0 eng d
037 _cGeneral Book
040 _aRTL
_cRTL
_beng
041 _2eng
_aeng
082 _aX9(F555):8, N9
100 _aHannesson Rognvaldur
_9253829
245 0 _aPetroleum economics
_b Issues and strategies of oil
260 _aWestport
_bQuorum Books
_c1998
300 _ax, 163p. Bib p. 155-57
_ccm.
650 _aPetroleum Industry
942 _hX9(F555):8, N9
_cGB
_2CC
999 _c660526
_d660526